Tablas de logaritmos a cinco decimales /

Guardado en:
Autor Principal: Houel, J.
Formato: Libro
Publicado: Argentina : El Ateneo, 1975
Edición:18
Materias:
Etiquetas: Agregar Etiqueta
Sin Etiquetas, Sea el primero en etiquetar este registro!
LEADER 00444nam a22001575a 4500
001 CEM.cems003323
008 130507s1975##################000#0#####d
005 20241210121958.0
245 1 0 |a Tablas de logaritmos a cinco decimales /  |c J. Houel 
250 |a 18 
260 |a Argentina :  |b El Ateneo,  |c 1975 
300 |a 176 p. 
100 1 |a Houel, J. 
082 0 4 |a 510.83 
653 |a Matematica 
859 |a CEMS  |b BIB. CEMS - 11 de abril  |h 510.83  |i H813a18  |p 6257.77  |t Ej.2